00000000nam##2200000za#4500
0019.662688
003CaOODSP
00520210615120703
007ta
008150407|2001||||xxc|||||     f|0| 0 fre|d
020 |a0-662-65654-7
040 |aCaOODSP|bfre
041 |aeng
041 |afre
043 |an-cn---
0861 |aSC94-82/2001
1101 |aCanada.|bCentre canadien de gestion.
24513|aLe périple de l'apprentissage : |ble cap sur l'excellence / |cpar Peter Stoyko.
260 |aOttawa - Ontario : |bCentre canadien de gestion |c2001.
300 |avi, 60p. : |bill. ; |c28 cm.
504 |aBibliographie.
563 |aCouverture souple
590 |a02-27|b2002-07-05
590 |a02-31|b2002-08-02
69107|aAdministration publique|2gcpds
69107|aApprentissage|2gcpds
69107|aFonction publique|2gcpds
7201 |aStoyko, Peter
7760#|tLe périple de l'apprentissage : |w(CaOODSP)9.640024
7760#|tThe learning journey : |w(CaOODSP)9.695904
791 |tThe learning journey : |eeng|w(CaOODSP)9.662687